Germany Squad FIFA World Cup 1990 Football / Soccer - Statistics

General Stats
  • This quiz has been taken 474 times
  • The average score is 13 of 25
Answer Stats
No. Name % Correct
10 Lothar Matthäus
93%
9 Rudi Völler
89%
18 Jürgen Klinsmann
88%
Teamchef Franz Beckenbauer
86%
3 Andreas Brehme
84%
1 Bodo Illgner
70%
8 Thomas Häßler
65%
4 Jürgen Kohler
64%
7 Pierre Littbarski
60%
5 Klaus Augenthaler
59%
22 Andreas Köpke
58%
6 Guido Buchwald
57%
17 Andreas Möller
55%
13 Karl-Heinz Riedle
52%
2 Stefan Reuter
47%
14 Thomas Berthold
46%
20 Olaf Thon
43%
Co Berti Vogts
42%
15 Uwe Bein
37%
12 Raimond Aumann
36%
11 Frank Mill
24%
Co Holger Osieck
21%
21 Günter Hermann
19%
19 Hans Pflügler
19%
16 Paul Steiner
18%
No matching quizzes found
Score Distribution
Percent of People with Each Score
Percentile by Number Answered
Your Score History
You have not taken this quiz